| 000 | 00390nam a22001457a 4500 | ||
|---|---|---|---|
| 020 | _a9789810694067 | ||
| 040 | _cSCME | ||
| 082 | _a670.42 K148M | ||
| 100 |
_aSerope Kalpakjian, Steven R. Schmid _9127771 |
||
| 245 |
_aManufacturing engineering and technology / _cSerope Kalpakjian |
||
| 250 | _a7th edition | ||
| 260 |
_aHongKong _bPearson _c2014 |
||
| 300 | _a1166p. | ||
| 942 |
_2ddc _cBK |
||
| 999 |
_c594995 _d594995 |
||